000 00644cab a2200217 4500
001 WB3129-37
008 090401t1995 xxu||||| |||| 00| 0 eng d
035 _a(Sirsi) u41015
041 _aeng
245 _aValuation Office Agency review
260 _c1995
350 _a0
490 _aInland Revenue Press Release
_v19 July 1995, (3)
520 _aReports on the findings of the second and final stage three year review of the Valuation Office as a Next Steps Agency.
650 _aNEXT STEPS AGENCY
650 _aPERFORMANCE
650 _aVALUATION OFFICE
690 _aRATING AND VALUATION
942 _n0
948 _c04/03/1997
999 _c26320
_d26320